LEADER 01131nam a2200325 i 4500 001 991001298409707536 005 20020507190857.0 008 950414s1982 ne ||| | eng 020 $a0444861556 035 $ab10828084-39ule_inst 035 $aLE01310118$9ExL 040 $aDip.to Matematica$beng 082 0 $a512.22 084 $aAMS 20-XX 084 $aQA171.F36 100 1 $aFeit, Walter$042037 245 14$aThe representation theory of finite groups /$cWalter Feit 260 $aAmsterdam ; New York ; Oxford :$bNorth-Holland,$c1982 300 $axiv, 502 p. ;$c23 cm. 490 0 $aNorth-Holland mathematical library ;$v25 500 $aBibliography: p. 476-499. 500 $aIncludes index 650 4$aFinite groups 650 4$aModular representations of groups 907 $a.b10828084$b23-02-17$c28-06-02 912 $a991001298409707536 945 $aLE013 20-XX FEI11 (1982)$g1$i2013000027050$lle013$o-$pE0.00$q-$rl$s- $t0$u0$v0$w0$x0$y.i10936117$z28-06-02 996 $aRepresentation theory of finite groups$982986 997 $aUNISALENTO 998 $ale013$b01-01-95$cm$da $e-$feng$gne $h4$i1 LEADER 00999nam a2200229 i 4500 001 991003295979707536 008 161107s1967 de 000 0 ger d 035 $ab14311409-39ule_inst 040 $aDip. di Studi Umanistici$bita 082 0 $a3596119685 100 1 $aSchnitzler, Arthur$0320902 245 10$aAphorismen und Betrachtungen.$n2,$pDer Geist im Wort und der Geist in der Tat :$bBemerkungen und Aufzeichnungen /$cArthur Schnitzler ; herausgegeben von Robert O. Weiss 246 30$aGeist im Wort und der Geist in der Tat :$bBemerkungen und Aufzeichnungen 260 $aFrankfurt am Main :$bS. Fischer$c[1967] 300 $a257 p.;$c20 cm 700 1 $aWeiss, Robert Otto 907 $a.b14311409$b07-11-16$c07-11-16 912 $a991003295979707536 945 $aLE012 832.8 SCH 12$g1$i2007000276778$lle012$og$pE10.00$q-$rl$s- $t0$u0$v0$w0$x0$y.i15786262$z07-11-16 996 $aAphorismen und Betrachtungen$9178930 997 $aUNISALENTO 998 $ale012$b07-11-16$cm$da $e-$fger$gde $h0$i0 LEADER 02460nam 2200589 a 450 001 9910830056003321 005 20230721004106.0 010 $a1-282-12289-4 010 $a9786612122897 010 $a0-470-69668-0 010 $a0-470-69592-7 035 $a(CKB)1000000000687971 035 $a(EBL)470398 035 $a(OCoLC)536143994 035 $a(SSID)ssj0000353997 035 $a(PQKBManifestationID)11256469 035 $a(PQKBTitleCode)TC0000353997 035 $a(PQKBWorkID)10319242 035 $a(PQKB)11623420 035 $a(MiAaPQ)EBC470398 035 $a(EXLCZ)991000000000687971 100 $a20070702d2008 uy 0 101 0 $aeng 135 $aur|n|---||||| 181 $ctxt 182 $cc 183 $acr 200 00$aChildren's learning in a digital world$b[electronic resource] /$fedited by Teena Willougby and Eileen Wood 210 $aMalden, Mass. $cBlackwell Pub. Ltd$d2008 215 $a1 online resource (322 p.) 300 $aDescription based upon print version of record. 311 $a1-4051-6207-4 320 $aIncludes bibliographical references and index. 327 $apt. 1. Informal learning with technologies : opportunities and challenges -- pt. 2. Formal learning with technologies : opportunities and challenges. 330 $aChildren's Learning in a Digital World presents exciting and challenging new ideas from international scholars on the impact of computers, the Internet, and video games on children's learning. Features exciting new research which reassesses the threats posed by technology to the social, emotional, and physical development of children Examines the impact of technology in both formal and informal learning contexts, covering a range of technologies relevant to students and researchers, as well as professional educators Presents key information on the social 606 $aComputer-assisted instruction 606 $aEducational technology 606 $aInternet in education 615 0$aComputer-assisted instruction. 615 0$aEducational technology. 615 0$aInternet in education. 676 $a371.334 686 $a81.68$2bcl 701 $aWilloughby$b Teena$f1955-$0912349 701 $aWood$b Eileen$f1960-$0912350 801 0$bMiAaPQ 801 1$bMiAaPQ 801 2$bMiAaPQ 906 $aBOOK 912 $a9910830056003321 996 $aChildren's learning in a digital world$92043111 997 $aUNINA